Bazówki GIS - Statistics

General Stats
  • This quiz has been taken 386 times
  • The average score is 51 of 61
Answer Stats
Answer % Correct
arteria carotis interna
98%
arteria carotis externa
96%
vena jugularis interna
96%
arteria carotis communis
95%
musculus sternocleidomastoideus
95%
arteria facialis
93%
nervus vagus
92%
vena jugularis externa
92%
nervus phrenicus
91%
musculus temporalis
90%
palpebra inferior
90%
palpebra superior
90%
trachea
90%
bulbus oculi
89%
labium inferius
89%
labium superius
89%
musculus masseter
89%
cartilago thyroidea
88%
nasus externus
88%
nervus alveolaris inferior
88%
tonsilla palatina
88%
glandula thyroidea
87%
rima oris
87%
tonsilla pharyngea
87%
arteria maxillaris
86%
auris interna
86%
musculus scalenus anterior
86%
nervus lingualis
84%
palatum durum
84%
palatum molle
84%
lingua
83%
nervus hypoglossus
83%
gingiva superior
82%
glandula parotidea
82%
musculus digastricus
82%
uvula
82%
arteria temporalis superficialis
81%
epiglottis
81%
gingiva inferior
81%
mentum
81%
glandula submandibularis
80%
plica vocalis
80%
sinus sigmoideus
80%
concha nasalis inferior
79%
nervus opticus
79%
ostium pharyngeum tubae auditivae
79%
sinus transversus
79%
cavitas tympani
78%
concha nasalis media
78%
plexus brachialis
78%
sinus frontalis
78%
sinus sagittalis superior
78%
falx cerebri
77%
os hyoideum
77%
sinus sphenoidalis
77%
tentorium cerebelli
77%
arteria subclavia
76%
sinus maxillaris
75%
prominentia laryngea
74%
vena subclavia
74%
ganglion trigeminale
71%
No matching quizzes found
Score Distribution
Percent of People with Each Score
Percentile by Number Answered
Your Score History
You have not taken this quiz